Financing of major infrastructure and public service projects : Public-private partnership
Guardado en:
| Formato: | Libro |
|---|---|
| Lenguaje: | inglés |
| Publicado: |
Paris :
Presses Ponts et chaussés,
2000
|
| Etiquetas: |
Sin Etiquetas, Sea el primero en etiquetar este registro!
|
MARC
| LEADER | 00000nam a22000003a 4500 | ||
|---|---|---|---|
| 001 | stu94963 | ||
| 005 | 20150408182113.3 | ||
| 008 | 050711s2000----fr------------------eng-d | ||
| 020 | |a 2-85978-328-8 | ||
| 040 | |a STU |b slo | ||
| 041 | 0 | |a eng | |
| 044 | |a fr | ||
| 080 | |a 65.01 |7 stu_us_auth*stu8370 | ||
| 080 | |a 301.188.1 | ||
| 245 | |a Financing of major infrastructure and public service projects : |b Public-private partnership | ||
| 260 | |a Paris : |b Presses Ponts et chaussés, |c 2000 | ||
| 300 | |a 389 s.;obr.,schémy | ||
| 500 | |a prel. z franc.orig. | ||
| 996 | |b 284V017357 |c V*48851/O-21514 |l VVT |s A |a 24 |w stu94963_0001 | ||